All Stray Kids Songs (DO IT) - Statistics

General Stats
  • This quiz has been taken 410 times
    172 since last reset
  • The average score is 163 of 273
Answer Stats
Hint Answer % Correct
N/S
100%
Chk Chk Boom
96%
U (ft. TABLO)
96%
I am YOU YOU.
96%
DIVINE
95%
DO IT Do It
95%
LALALALA
95%
GIANT GIANT
94%
Hollow Hollow
94%
MANIAC
94%
S-Class
94%
CEREMONY
92%
Christmas EveL Christmas EveL
92%
CIRCUS CIRCUS
92%
ALL IN ALL IN
91%
MAXIDENT Case 143
91%
Hold my hand (HAN)
91%
Railway (Bang Chan)
91%
0801
90%
Photobook
90%
Red Lights (Bang Chan, Hyunjin)
90%
TA
90%
Thunderous
90%
Unfair (Felix)
90%
I am WHO WHO?
90%
Youth (Lee Know)
90%
ESCAPE ( Bang Chan & Hyunjin)
88%
God's Menu
88%
MIROH
88%
ULTRA (Changbin)
88%
As we Are (Seungmin)
87%
Mixtape Hellevator
87%
Holiday
87%
Levanter
87%
So Good (Hyunjin)
87%
THE SOUND THE SOUND
87%
Truman (HAN & Felix)
87%
HOP Walkin On Water
87%
CREED
86%
DOMINO
86%
HALLUCINATION (I.N)
86%
I am YOU
86%
Phoenix
86%
ODDINARY VENOM
86%
Back Door
84%
NOEASY CHEESE
84%
CINEMA (Lee Know & Seungmin)
84%
KARMA BLEEP
83%
Ghost
83%
ROCK-STAR MEGAVERSE
83%
Side Effects
83%
Mixtape : dominATE Burnin' Tires (Changbin & I.N)
82%
I Like It
82%
JJAM
82%
TOP ("Tower of God" OP)
82%
In My Head
81%
ATE Mountains
81%
TASTE (Lee Know, Hyunjin, Felix)
81%
24 to 25
79%
Bounce Back
79%
Half Time
79%
5-STAR Hall of Fame
79%
Surfin' (Lee Know, Changbin, Felix)
79%
3RACHA (Bang Chan, Changbin, HAN)
78%
District 9
78%
RUN (HAN)
78%
Social Path (Feat. LiSA)
78%
Winter Falls
78%
Cover Me
77%
I am NOT NOT!
77%
Charmer
75%
FREEZE
75%
Limbo (Lee Know)
75%
MESS
75%
Muddy Water (Changbin, Hyunjin, HAN, Felix)
75%
Stray Kids
75%
WOLFGANG
75%
Runners
74%
Secret Secret
74%
SUPERBOARD
74%
Super Bowl
74%
Youtiful
74%
BLIND SPOT
73%
Give Me Your TMI
73%
My Pace
73%
School Life
73%
IN LIFE The Tortoise and the Hare
73%
FAM
71%
Leave
71%
Mirror
71%
TOPLINE
71%
0325
70%
COMFLEX
70%
SKZ-Replay Connected (Bang Chan)
70%
FNF
70%
ice.cream (Hyunjin)
70%
Silent Cry
70%
Twilight
70%
YAYAYA
70%
Alien (HAN)
69%
CHILL
69%
Collision
69%
DLC
69%
Mixtape: OH
69%
Mixtape #1
68%
Mixtape #3
68%
Parade
68%
Wow (Lee Know, Hyunjin, Felix)
66%
GO LIVE GO LIVE
66%
Mixtape #2
66%
Phobia
66%
Phobia (Seungmin)
66%
SLUMP ("Tower of God" ED)
66%
DOODLE (Changbin)
65%
Falling Up
65%
GET LIT
65%
Gone Away (HAN, Seungmin, I.N)
65%
Lonely St.
65%
Mixtape #4
65%
Star Lost
65%
Waiting For Us (Bang Chan, Lee Know, Seungmin, I.N)
65%
DLMLU
64%
Easy
64%
Sorry, I Love You
64%
Streetlight (Changbin)
64%
19
62%
4419
62%
Get Cool
62%
Hug Me (I.N)
62%
#LoveStay
62%
ROCK
62%
SSICK
62%
The View
62%
Airplane
61%
Can't Stop (Seungmin, I.N)
61%
Deep End (Felix)
61%
GLOW
61%
Double Knot
60%
Drive (Bang Chan, Lee Know)
60%
Ex
60%
Hoodie Season
60%
Maknae On Top (I.N)
60%
Spread my Wings
60%
Astronaut
58%
Haven
58%
ITEM
58%
3rd Eye
57%
Any
57%
Chronosaurus
57%
Close (HAN)
57%
Fairytale
57%
Maze of Memories
57%
Mixtape: Time Out
57%
My Universe (Seungmin, I.N)
57%
Stars and Raindrops (Seungmin)
57%
We Go (Bang Chan, Changbin, HAN)
57%
You Can STAY
57%
Awaken
56%
Awkward Silence
56%
Blueprint
56%
Insomnia
56%
Never Alone
56%
Victory Song
56%
Your Eyes
56%
BEWARE (Grrr)
55%
B Me
55%
Boxer
55%
Christmas Love
55%
Clé 1: MIROH Entrance
55%
HaPpY (HAN)
55%
Lose My Breath
55%
Mixtape : Gone Days
55%
NIGHT
55%
Pacemaker
55%
Sunshine
55%
TMT
55%
Volcano (HAN)
55%
Grow Up
53%
I hate to admit (Bang Chan)
53%
Question
53%
Clé: Levanter STOP
53%
Up All Night (Bang Chan, Changbin, Felix, Seungmin)
53%
Voices
53%
Broken Compass
52%
Just A Little
52%
Saiyan
52%
Want so Bad (Lee Know, HAN)
52%
Another Day
51%
Booster
51%
Love Untold (Hyunjin)
51%
M.I.A
51%
Mixtape : On Track
51%
SKZ2021 Scars
51%
13 (HAN)
49%
In the Dark (DJ Snake ft. Stray Kids)
49%
Novel
49%
Clé 2 : Yellow Wood Road Not Taken
49%
For You
48%
宿命 (Destiny/Fate)
47%
My Side
47%
WHY?
47%
Wish You Back (HAN)
47%
Hero's Soup
45%
miss you (Hyunjin)
45%
ZONE (Bang Chan, Changbin, HAN)
45%
Because (Changbin, Felix)
44%
Butterflies
44%
I GOT IT (HAN)
44%
There
44%
goodbye (Seungmin)
43%
Lost Me
43%
One Day
43%
Battle Ground
42%
Come Play (from the series Arcane League of Legends)
42%
Placebo
42%
Collabs/ Singles/Unreleased SKZ-Players 1,2,3,4,5 (HAN)
40%
Piece of a Puzzle (Changbin, Seungmin)
40%
Behind The Light
39%
Human (HAN)
39%
Quill Pen (낙서장) (Hyunjin)
39%
SLASH
39%
Going Dumb
38%
HEYDAY
38%
Miserable (You & Me) (HAN)
38%
Roman Empire (Bang Chan)
36%
Hello Stranger
35%
Hold On (Seungmin)
35%
Maybe (HAN)
35%
Mirror Mirror
35%
ReawakeR (LiSA ft. Felix)
35%
Respirator (HAN, Seungmin)
35%
All My Life
34%
Call
34%
Neverending Story (끝나지 않을 이야기)
32%
Contradicting (Hyunjin)
31%
Black Hole (Bang Chan, I.N.)
30%
Destiny (Seungmin)
30%
hey you (Hyunjin)
30%
Untitled 미제 (I.N. Feat. Hyunjin)
30%
Aiwokuretanoninaze
29%
Eternity (Bang Chan)
29%
Here Always
29%
Like Magic
29%
PARTY'S NOT OVER
29%
START! (Lee Know, Seungmin, I.N)
29%
Baby (Bang Chan)
26%
GENIE (I.N, HAN & Felix)
26%
RUSH (Troye Sivan ft. Hyunjin)
26%
Updraft (HAN)
26%
Close to You (Seungmin)
25%
Cypher (Changbin)
25%
My Destiny (Seungmin)
25%
Snain 비바람 (Changbin, Felix, Seungmin)
25%
8th Grader (Respect Your Dreams) (Changbin)
23%
한 번 더 리플레이 "Iced Americano" (Lee Know, HAN)
23%
long for you (Hyunjin)
23%
티격태격 "잔수리 대마왕" King of Nagging (Hyunjin, Seungmin)
22%
JUST BREATHE
21%
No Problem (Nayeon ft. Felix)
21%
VAY (Itzy ft. Changbin)
19%
All I Want Is You (Would You Marry Me?: Original Soundtrack) (Seungmin)
18%
Can I Call You (Changbin & Hyunjin)
17%
Fly High (Changbin)
17%
Perfume (Seungmin)
17%
Rev It Up (Felix)
17%
Salang Salang (살랑 살랑) ( Hyunjin & I.N)
17%
You...Like the Wind (바람 같은 너) (Yoon Jisung ft. Changbin)
17%
Don't Say (HAN)
16%
Yes Seo (명) (Changbin)
16%
Mic and Brush (Hyunjin)
14%
"Yeah Mean Boss" (I.N, Changbin)
14%
CHANCE "한 장 더" (Felix, Bang Chan)
13%
R&B ME (JUN.K ft. Changbin)
13%
No matching quizzes found
Score Distribution
Percent of People with Each Score
Percentile by Number Answered
Your Score History
You have not taken this quiz since the last reset